Ngô Bảo Châu rạng danh trí tuệ Việt Nam

Cuốn sách viết về hành trình đến với giải thưởng Fields của Gs.Ngô Bảo Châu và tập họp các bài nói, bài viết, thư chúc mừng của các tác giả trong và ngoài nước viết về Gs.Ngô Bảo Châu trước và sau sự kiện ông nhận giải thưởng Fields....

Descripción completa

Guardado en:
Detalles Bibliográficos
Formato: Libro
Lenguaje:Undetermined
Publicado: Hà Nội Chính trị quốc gia 2010
Materias:
Etiquetas: Agregar Etiqueta
Sin Etiquetas, Sea el primero en etiquetar este registro!
Thư viện lưu trữ: Trung tâm Học liệu Trường Đại học Cần Thơ
LEADER 00883nam a2200181Ia 4500
001 CTU_159757
008 210402s9999 xx 000 0 und d
020 |c 42000 
082 |a 510.092 
082 |b Ng450 
245 0 |a Ngô Bảo Châu rạng danh trí tuệ Việt Nam 
260 |a Hà Nội 
260 |b Chính trị quốc gia 
260 |c 2010 
520 |a Cuốn sách viết về hành trình đến với giải thưởng Fields của Gs.Ngô Bảo Châu và tập họp các bài nói, bài viết, thư chúc mừng của các tác giả trong và ngoài nước viết về Gs.Ngô Bảo Châu trước và sau sự kiện ông nhận giải thưởng Fields. 
650 |a Mathematicians,Nhà Toán học 
904 |i Trọng Hải 
980 |a Trung tâm Học liệu Trường Đại học Cần Thơ